000 00654cam a2200229 a 4500
999 _c6718
_d6718
001 4297849
003 OSt
005 20210524160818.0
008 860922s1987 enka b 001 0 eng
010 _a 86026353
020 _a0412257106
040 _aDLC
_cDLC
_dDLC
082 0 0 _a502.82 SAW 1987
_219
100 1 _aSawyer, Linda C.; Grubb, David T.
_913796
245 1 0 _aPolymer Microscopy
260 _aLondon ;
_bChapman and Hall,
_c1987.
300 _axii, 303 p. :
_bill. ;
_c26 cm.
504 _aIncludes bibliographies and index.
650 0 _aMicroscopy
_913797
906 _a7
_bcbc
_corignew
_d1
_eocip
_f19
_gy-gencatlg
942 _2ddc
_cO_SHELF